| Tag |
First Indicator |
Second Indicator |
Subfields |
| LEADER |
00000cam a2200000 i 4500 |
| 001 |
in00000682011 |
| 005 |
20151015160818.0 |
| 008 |
801016s1980 caua b 00110 eng |
| 010 |
|
|
|a 78051759
|
| 020 |
|
|
|a 0520036719 :
|c $16.95
|
| 035 |
|
|
|a (OCoLC)06567955
|
| 035 |
|
|
|9 ACZ3159AM
|
| 040 |
|
|
|a DLC
|c DLC
|d TXA
|d UtOrBLW
|
| 049 |
|
|
|a TXAM
|c [950629]
|
| 050 |
0 |
0 |
|a ML3530
|b .B47
|
| 082 |
0 |
|
|a 781/.572/09
|2 19
|
| 100 |
1 |
|
|a Berlin, Edward A.
|
| 245 |
1 |
0 |
|a Ragtime :
|b a musical and cultural history /
|c Edward A. Berlin.
|
| 264 |
|
1 |
|a Berkeley :
|b University of California Press,
|c [1980]
|
| 264 |
|
4 |
|c ©1980
|
| 300 |
|
|
|a xix, 248 pages :
|b illustrations ;
|c 24 cm.
|
| 336 |
|
|
|a text
|b txt
|2 rdacontent
|
| 337 |
|
|
|a unmediated
|b n
|2 rdamedia
|
| 338 |
|
|
|a volume
|b nc
|2 rdacarrier
|
| 500 |
|
|
|a "Location index for piano rags in selected anthologies": pages [199-213].
|
| 500 |
|
|
|a Includes index.
|
| 504 |
|
|
|a Bibliography: pages [215]-237.
|
| 650 |
|
0 |
|a Ragtime music
|x History and criticism.
|
| 999 |
|
|
|a MARS
|
| 999 |
f |
f |
|s 52ff9c36-c54d-3288-99e3-a38a3e3fd0d5
|i 5b09b342-6286-3e16-bd90-e7cd9a5ebbe8
|t 0
|
| 952 |
f |
f |
|p ric
|a Texas A&M University
|b Rellis Campus
|c Joint Library Facility
|d Remote Storage
|t 0
|e ML3530 .B47
|h Library of Congress classification
|i unmediated -- volume
|m A14803364751
|
| 998 |
f |
f |
|a ML3530 .B47
|t 0
|l Remote Storage
|